000 00558nam a2200157 4500
020 _a9788126532575
082 _a621.3845 AKA
100 _aAkaiwa, Yoshihiko.
245 _aIntroduction to digital mobile communication
260 _aNew Delhi, India
_bWiley
_c1997
300 _axv, 433 p.
_bill. ;
490 _aWiley series in telecommunications and signal processing
500 _a"A Wiley-Interscience publication." Includes bibliographical references and index.
650 _a1. Mobile communication systems. 2. Digital communications.
942 _cBK
999 _c12367
_d12367